| 000 | 00565nam a22002057a 4500 | ||
|---|---|---|---|
| 003 | koha_MIRAKIL | ||
| 005 | 20231213100035.0 | ||
| 008 | 231213b |||||||| |||| 00| 0 ||| d | ||
| 020 | _b9-75363551-6 | ||
| 040 |
_aTR-IsEVY _btur _cTR-IsEVY |
||
| 082 | _a759.9492 GOG/T | ||
| 100 | _aGogh, Vincent van, 1853-1890. | ||
| 245 | 0 | _aTheo'ya mektuplar | |
| 250 | _a11. bs. | ||
| 260 |
_bYapı Kredi Yayınları, _c2015 |
||
| 300 | _a251 p. | ||
| 650 | _aGogh, Vincent van, 1853-1890. | ||
| 650 | _aPainters -- Netherlands -- Correspondence. | ||
| 942 |
_2ddc _cBK |
||
| 999 |
_c13554 _d13554 |
||